00608nam a2200121Ia 4500008004100000020001800041100002200059245015400081260002200235650002000257650016500277856004400442171212s9999 xx 000 0 und d a9781922144225 aJohnson, Wally R. cJohnson, Wally R.aFire Mountains of the IslandsbA History of Volcanic Eruptions and Disaster Management in Papua New Guinea and the Solomon Islands bANU E Pressc2013 aGeneral Science aVolcanic eruptions -- Papua New Guinea; Volcanic eruptions -- Solomon Islands; Emergency management -- Papua New Guinea; Emergency management -- Solomon Islands uhttp://www.jstor.org/stable/j.ctt5hgz8j